000 00225nam a2200097Ia 4500
008 240331s9999 xx 000 0 und d
082 _bBAL
100 _aBalasundaram, Franklin J
245 0 _aWomen's concern in Asia
942 _cL
999 _c1862
_d1862